| 000 | 00883nas a2200289 4500 | ||
|---|---|---|---|
| 001 | BR9401298 | ||
| 003 | BR-BrBNA | ||
| 005 | 20231205093623.0 | ||
| 007 | ta | ||
| 008 | 230509b bl.|||p| |||| 00| 00por d | ||
| 040 |
_aBR-BrBNA _bpor _cBiblioteca Nacional de Agricultura |
||
| 041 | _a(Pt) | ||
| 072 | _aF01 | ||
| 100 | 1 | _aSilva, S.E.L. | |
| 100 | 1 | _aPinheiro, R.V.R. | |
| 100 | 1 | _aDefelipo, B.V. | |
| 100 | 1 | _aConde, A.R. | |
| 245 | 1 |
_aEfeitos de nitrogenio, fosforo e potassio na qualidade do fruto e na produtividade do caquizeiro (Diospyros kaki L.). _b(Parte de Tese) |
|
| 650 | _aCaqui | ||
| 650 | _aProdutividade | ||
| 650 | _aNitrogenio | ||
| 650 | _aFosforo | ||
| 650 | _aPotassio | ||
| 773 | 0 |
_tRevista Ceres (Brazil) _xISSN 0034-737x _g(May-Jun 1992), v. 39(223) p. 261-275 _wBR9401298 |
|
| 909 |
_a202311 _bLúcia _c55 _dLúcia Elande |
||
| 942 |
_2AGRIS _n0 _cANA |
||
| 999 |
_c139495 _d139495 |
||